La peste /

Guardado en:
Autor Principal: Camus, Albert
Formato: Libro
Publicado: Santiago de Chile : Andrés Bello, 1984
Series:Club de Lectores, 54
Materias:
Etiquetas: Agregar Etiqueta
Sin Etiquetas, Sea el primero en etiquetar este registro!
LEADER 00521nam a22001935a 4500
001 CEM.cems001380
005 20060214000000.0
008 130507s1984##################000#0#####d
003 CEMS
082 0 4 |a 843.9 
100 1 |a Camus, Albert 
245 1 0 |a La peste /  |c Albert Camus 
260 |a Santiago de Chile :  |b Andrés Bello,  |c 1984 
300 |a 277 p. 
490 0 |a Club de Lectores, 54 
653 |a Literatura 
653 |a Novela francesa 
653 |a Novelas 
859 |a CEMS  |b BIB. CEMS - 11 de abril  |h 843.9  |i C159  |p 14202.86  |t Ej.1